LEADER 03558nam 22006492 450 001 9910789326303321 005 20151124031105.0 010 $a981-4379-74-3 024 7 $a10.1355/9789814379748 035 $a(CKB)3410000000002314 035 $a(EBL)1132448 035 $a(OCoLC)829459992 035 $a(SSID)ssj0000873354 035 $a(PQKBManifestationID)12378398 035 $a(PQKBTitleCode)TC0000873354 035 $a(PQKBWorkID)10877314 035 $a(PQKB)11719889 035 $a(UkCbUP)CR9789814379748 035 $a(OCoLC)850226885 035 $a(MdBmJHUP)muse23313 035 $a(DE-B1597)492274 035 $a(OCoLC)1041990322 035 $a(DE-B1597)9789814379748 035 $a(MiAaPQ)EBC1132448 035 $a(Au-PeEL)EBL1132448 035 $a(CaPaEBR)ebr11308050 035 $a(EXLCZ)993410000000002314 100 $a20141103d2013|||| uy| 0 101 0 $aeng 135 $aur||||||||||| 181 $ctxt$2rdacontent 182 $cc$2rdamedia 183 $acr$2rdacarrier 200 10$aCivilizations in embrace $ethe spread of ideas and the transformation of power : India and Southeast Asia in the classical age /$fAmitav Acharya$b[electronic resource] 210 1$aSingapore :$cInstitute of Southeast Asian Studies,$d2013. 215 $a1 online resource (xv, 88 pages) $cdigital, PDF file(s) 225 0 $aNalanda-Sriwijaya research series 300 $aTitle from publisher's bibliographic system (viewed on 24 Nov 2015). 311 $a981-4379-73-5 320 $aIncludes bibliographical references and index. 327 $tFrontmatter -- $tContents -- $tForeword -- $tPreface -- $tAcknowledgements -- $tAbout the Author -- $t1 Introduction -- $t2 Debating Indian Influence in Southeast Asia -- $t3 "Indianization", "Localization" or "Convergence"? -- $t4 Understanding How and Why Ideas Spread -- $t5 "Hellenization" of the Mediterranean compared to "Indianization" of Southeast Asia: Two Paradigms of Cultural Diffusion? -- $t6 Final Thoughts -- $tPhoto Section -- $tBibliography -- $tIndex 330 $aThis study revisits one of the most extensive examples of the spread of ideas in the history of civilization: the diffusion of Indian religious and political ideas to Southeast Asia before the advent of Islam and European colonialism. Hindu and Buddhist concepts and symbols of kingship and statecraft helped to legitimize Southeast Asian rulers, and transform the political institutions and authority of Southeast Asia. But the process of this diffusion was not accompanied by imperialism, political hegemony, or "colonization" as conventionally understood. This book investigates different explanations of the spread of Indian ideas offered by scholars, including why and how it occurred and what were its key political and institutional outcomes. It challenges the view that strategic competition is a recurring phenomenon when civilizations encounter each other. 606 $aHISTORY / Asia / India & South Asia$2bisacsh 607 $aSoutheast Asia$xCivilization$xIndic influences 607 $aSoutheast Asia$xPolitics and government 607 $aIndia$xRelations$zSoutheast Asia 607 $aSoutheast Asia$xRelations$zIndia 615 7$aHISTORY / Asia / India & South Asia. 676 $a303.4825105 700 $aAcharya$b Amitav$0480885 712 02$aInstitute of Southeast Asian Studies, 801 0$bUkCbUP 801 1$bUkCbUP 906 $aBOOK 912 $a9910789326303321 996 $aCivilizations in embrace$93752238 997 $aUNINA LEADER 01139nam0 22002651i 450 001 UON00082952 005 20231205102435.294 100 $a20020107d1987 |0itac50 ba 101 $aita$aENG 102 $aIT 105 $a|||| ||||| 200 1 $aˆLa ‰diffusione delle scienze islamiche nel medio evo europeo$eConvegno internazionale, Roma, 2-4 ottobre 1984 205 $aRoma : Accademia Nazionale dei Lincei$b1987 210 $a538 p.$a25 cm 215 $aNel front.: Accademia Nazionale dei Lincei. Fondazione Leone Caetani 606 $aSCIENZE ISLAMICHE$xCongressi$3UONC025193$2FI 620 $aIT$dRoma$3UONL000004 676 $a509.17671$cSCIENZE - Impero islamico$v21 712 $a*Accademia *Nazionale dei *Lincei$3UONV246632$4650 801 $aIT$bSOL$c20240220$gRICA 899 $aSIBA - SISTEMA BIBLIOTECARIO DI ATENEO$2UONSI 912 $aUON00082952 950 $aSIBA - SISTEMA BIBLIOTECARIO DI ATENEO$dSI B Afr 3 0336 $eSI AA 23188 5 0336 996 $aDiffusione delle scienze islamiche nel Medio Evo europeo$9957500 997 $aUNIOR